Théorie des chaînes de Markov finies et ses applications

Shranjeno v:
Bibliografske podrobnosti
Glavni avtor: Gordon, Patrick (Author)
Format: Knjiga
Jezik:francoščina
Izdano: París Dunod 1964
Serija:Statistique et Programmes Economiques, 9
Teme:
Oznake: Označite
Brez oznak, prvi označite!

MARC

LEADER 00000nam a2200000 a 4500
001 UCP2664
003 CL-VaPUC
008 990520e19640000FR |||||||||||||||||fre|d
082 0 4 |a 519.233  |b GOR  |2 21 
100 0 |a Gordon, Patrick  |e author  |9 429579 
245 1 0 |a Théorie des chaînes de Markov finies et ses applications 
300 |a 132 p 
942 |c BK 
945 |d 19990520 00:00:00  |a crobeson 
260 |a París  |b Dunod  |c 1964 
650 0 |a Procesos de Markov  |9 270451 
650 0 |a Cadenas de Markov  |9 350699 
650 7 |a MATRICES ESTOCASTICAS  |2 CL-VaPUC  |9 428882 
650 0 |a Programación dinámica   |9 324757 
583 |a last modification  |c 19990520 00:00:00  |k Rodrigo Vera 
490 0 |a Statistique et Programmes Economiques, 9 
999 |c 281171  |d 281169 
952 |0 0  |1 0  |4 0  |6 519_233000000000000_GOR_1964  |7 0  |8 A  |9 321844  |a BIBGIM  |b BIBGIM  |d 2019-11-20  |i 1345729  |o 519.233 GOR 1964  |p 1345729  |r 2025-01-15  |w 2019-11-20  |y BK  |k EST 
952 |0 0  |1 0  |4 0  |6 519_233000000000000_GOR_1964  |7 0  |8 A  |9 321845  |a BIBGIM  |b BIBGIM  |d 2019-11-20  |i 1345737  |o 519.233 GOR 1964  |p 1345737  |r 2025-01-15  |w 2019-11-20  |y BK  |k EST